La iglesia ante los medios de comunicación social: ponencias de la XXIX Asamblea Episcopal Española

Gardado en:
Detalles Bibliográficos
Autor Corporativo: Secretariado Nacional de la Comisión Episcopal de Medios de Comunicación Social (Author)
Formato: Libro
Idioma:Lingua castelá
Publicado: Madrid Paulinas 1978
Subjects:
Tags: Engadir etiqueta
Sen Etiquetas, Sexa o primeiro en etiquetar este rexistro!

MARC

LEADER 00000nam a2200000 a 4500
001 UCY7281
003 CL-VaPUC
008 950609e19780000SP |||||||||||||||||spa|d
082 0 4 |a 261.52  |b SEC  |2 21 
110 2 |a Secretariado Nacional de la Comisión Episcopal de Medios de Comunicación Social  |e author  |9 337688 
245 1 3 |a La iglesia ante los medios de comunicación social: ponencias de la XXIX Asamblea Episcopal Española 
300 |a 287 p 
942 |c BK 
945 |d 19950609 00:00:00  |a cmena 
260 |a Madrid  |b Paulinas  |c 1978 
650 0 |a Catolicismo  |9 258690 
650 0 |a Cristianismo  |9 257361 
650 0 |a Medios de comunicación  |9 257206 
650 7 |a COMUNICACION DE MASAS  |2 CL-VaPUC  |9 334823 
650 0 |a Historia  |9 255047 
650 0 |a Religión   |9 255164 
650 0 |a Radiodifusión  |9 308795 
650 0 |a Prensa  |9 258117 
650 0 |a Ética  |9 255099 
650 0 |a Educación  |9 258661 
650 0 |a Teología   |9 258766 
650 0 |a Encíclicas  |9 255643 
650 0 |a Documentos pontificios   |9 255642 
651 0 |a España  |9 254926 
583 |a last modification  |c 19950609 00:00:00  |k Rodrigo Vera 
999 |c 234696  |d 234694